| 000 | 00512 a2200169 4500 | ||
|---|---|---|---|
| 999 |
_c1339 _d1339 |
||
| 020 | _a9780745652931 | ||
| 050 | _aHM51 GID 2013 | ||
| 100 |
_aGiddens, Anthony _eauthor |
||
| 245 |
_aSociology / _cAnthony Giddens and Philip W. Sutton |
||
| 250 | _a7th ed. | ||
| 264 |
_aCambridge : _bPolity Press, _c2013 |
||
| 300 |
_axi, 1182p. : _bill. (col.) |
||
| 500 | _aIncludes bibliographical references and index | ||
| 650 | _asociology | ||
| 700 |
_aSutton, Philip W. _eauthor |
||
| 942 |
_2lcc _cBK _e7th ed. _h51 _iGID _kHM |
||